Tirumala (Record no. 47277)
[ view plain ]
| 000 -LEADER | |
|---|---|
| fixed length control field | 00613nam a22001697a 4500 |
| 005 - DATE AND TIME OF LATEST TRANSACTION | |
| control field | 20260218130027.0 |
| 008 - FIXED-LENGTH DATA ELEMENTS--GENERAL INFORMATION | |
| fixed length control field | 260218b |||||||| |||| 00| 0 eng d |
| 020 ## - INTERNATIONAL STANDARD BOOK NUMBER | |
| International Standard Book Number | 9789393875082 |
| 040 ## - CATALOGING SOURCE | |
| Transcribing agency | VITAP |
| 082 ## - DEWEY DECIMAL CLASSIFICATION NUMBER | |
| Edition number | 23 |
| Classification number | 294.535 SRI |
| 100 ## - MAIN ENTRY--PERSONAL NAME | |
| Personal name | Srinivasan, Raghuvir Ed. |
| 9 (RLIN) | 17093 |
| 245 ## - TITLE STATEMENT | |
| Title | Tirumala |
| Remainder of title | : The Seven Hills of Salvation |
| Statement of responsibility, etc. | / Raghuvir Srinivasan |
| 260 ## - PUBLICATION, DISTRIBUTION, ETC. | |
| Place of publication, distribution, etc. | Chennai |
| Name of publisher, distributor, etc. | THG Publishing Pvt Ltd. |
| Date of publication, distribution, etc. | 2023 |
| 300 ## - PHYSICAL DESCRIPTION | |
| Extent | 136p, ill.: 28cm |
| 650 #0 - SUBJECT ADDED ENTRY--TOPICAL TERM | |
| Topical term or geographic name entry element | Mythological Origins, Religious Significance, Temple History, Architecture & Art, Rituals & Festivals, Pilgrimage Practices etc. |
| 9 (RLIN) | 17094 |
| 942 ## - ADDED ENTRY ELEMENTS (KOHA) | |
| Source of classification or shelving scheme | Dewey Decimal Classification |
| Koha item type | Text Book |
| Withdrawn status | Lost status | Source of classification or shelving scheme | Materials specified (bound volume or other part) | Damaged status | Not for loan | Collection code | Home library | Current library | Shelving location | Date acquired | Source of acquisition | Cost, normal purchase price | Inventory number | Total Checkouts | Full call number | Barcode | Date last seen | Cost, replacement price | Price effective from | Koha item type | Public note |
|---|---|---|---|---|---|---|---|---|---|---|---|---|---|---|---|---|---|---|---|---|---|
| Dewey Decimal Classification | Hard Bound | Reference | School of Business & General Section | VIT-AP | Reference | 2026-01-12 | The Hindu Group of Publications | 1499.00 | 9001173329 | 294.535 SRI | 025495 | 2026-02-18 | 1499.00 | 2026-01-12 | Reference Book | GEN | |||||
| Dewey Decimal Classification | Hard Bound | School of Business & General Section | VIT-AP | General Stacks | 2026-01-12 | The Hindu Group of Publications | 1499.00 | 9001173329 | 294.535 SRI | 025496 | 2026-02-18 | 1499.00 | 2026-01-12 | Text Book | GEN |